000 00307nam a2200109Ia 4500
008 180116s9999 xx 000 0 und d
020 _a9780323239110
100 _aPrimrose, Pamela B.
245 _cPamela B. Primrose
_aComplete Phlebotomy Exam Review /
260 _bElsevier Inc
_c2016
300 _a281 pages
999 _c353221
_d353221